Odgadnij logo - Statystyki

Ogólne statystyki
  • Ten quiz został rozwiązany 463 razy
  • Średni wynik to 14 z 16
Statystyki odpowiedzi
Obrazkowy Odpowiedź % Poprawnych
Legia Warszawa
96%
Audi
95%
BMW
95%
Lego
95%
Fanta
94%
Ford
94%
Google
94%
Mercedes
94%
Samsung
94%
FC Barcelona
93%
Ferrari
92%
Lamborghini
89%
Jetpunk
86%
Seat
81%
Fiat
78%
McDonald's
62%
Nie znaleziono quizów pasujących do podanych kryteriów
Rozkład punktacji
Procent ludzi z każdym wynikiem
Percentyl według liczby udzielonych odpowiedzi
Twoja historia wyników
Nie rozwiązałeś tego quizu